Musicians by US-State - Map Quiz - Statistics

General Stats
  • This quiz has been taken 436 times
  • The average score is 10 of 50
Answers on the Map
Answers color-coded by a green-red scale on the quiz's map according to % correct below.
 
Answer Stats
Answer % Correct
Nirvana
66%
The Beach Boys
57%
Prince
54%
Elvis Presley
53%
Bruce Springsteen
52%
Michael Jackson
52%
Dolly Parton
45%
Louis Armstrong
44%
Will Smith
39%
Bruno Mars
37%
Madonna
32%
The Osmonds
31%
Buddy Holly
29%
Outkast
26%
Simon & Garfunkel
26%
The Killers
26%
Johnny Cash
24%
Hootie & the Blowfish
23%
Tom Petty
23%
Garth Brooks
22%
Billy Ray Cyrus
21%
Slipknot
20%
Chuck Berry
14%
Hank Williams
14%
Portugal. The Man
14%
Anna Kendrick
13%
George Thorogood
11%
Linda Ronstadt
11%
Bill Withers
10%
Dean Martin
10%
Charlie Daniels
9%
Pharrell Williams
9%
Violent Femmes
9%
The Fray
8%
Donna Summer
7%
Noah Kahan
7%
Blu Cantrell
6%
The Dandy Warhols
6%
Jonny Lang
5%
Melissa Etheridge
5%
Paul Revere & the Raiders
5%
Chan Romero
4%
Jakey
4%
Michael Bolton
4%
Survivor
4%
Sisqó
3%
Teenage Bottlerocket
3%
Zager and Evans
3%
The Fireballs
2%
Toby Fox
2%
No matching quizzes found
Score Distribution
Percent of People with Each Score
Percentile by Number Answered
Your Score History
You have not taken this quiz